| Tag |
First Indicator |
Second Indicator |
Subfields |
| LEADER |
00000cam a2200000 4500 |
| 001 |
in00000595083 |
| 005 |
20151014164107.0 |
| 008 |
750731s1963 nyua 00000 eng |
| 010 |
|
|
|a 63003557
|
| 035 |
|
|
|a (OCoLC)01495457
|
| 035 |
|
|
|9 ACS3514AM
|
| 040 |
|
|
|c JPL
|d TXA
|d UtOrBLW
|
| 049 |
|
|
|a TXAM
|c [360564]
|
| 050 |
0 |
0 |
|a DC16
|b .E5
|
| 082 |
0 |
|
|a 914.4
|
| 100 |
1 |
|
|a Engel, Lyle Kenyon.
|
| 245 |
1 |
0 |
|a Complete illustrated vacation guidebook :
|b France /
|c Prepared for Fermac Audio Corportion Limited. Published as one of the guidebook series on countries served by Pan American Airways.
|
| 264 |
|
2 |
|a [New York] :
|b Cornerstone Library; [distributed by Affiliated Publishers],
|c [1963]
|
| 264 |
|
4 |
|c [©1963]
|
| 300 |
|
|
|a 192 pages :
|b illustrations ;
|c 21 cm.
|
| 336 |
|
|
|a text
|b txt
|2 rdacontent
|
| 337 |
|
|
|a unmediated
|b n
|2 rdamedia
|
| 338 |
|
|
|a volume
|b nc
|2 rdacarrier
|
| 500 |
|
|
|a "CN52."
|
| 651 |
|
0 |
|a France
|v Guidebooks.
|
| 999 |
|
|
|a MARS
|
| 999 |
f |
f |
|s 709bc7d8-706d-3bce-af1b-98f2d9b74042
|i 7fcfa23a-c936-32d6-8ce1-3fac554c39ec
|t 0
|
| 952 |
f |
f |
|p ric
|a Texas A&M University
|b Rellis Campus
|c Joint Library Facility
|d Remote Storage
|t 0
|e DC16 .E5
|h Library of Congress classification
|i unmediated -- volume
|m A14801953017
|
| 998 |
f |
f |
|a DC16 .E5
|t 0
|l Remote Storage
|